|
|
|
|
| LEADER |
00646cam a2200205 a 4500 |
| 001 |
0000132050 |
| 005 |
20120518090000.0 |
| 040 |
|
|
|a mod
|
| 041 |
|
|
|a eng
|
| 020 |
|
|
|a 019422936X
|
| 090 |
0 |
0 |
|a F
|b TWA
|e 2003
|
| 100 |
1 |
|
|a Twain, Mark
|
| 245 |
1 |
0 |
|a The adventures of Tom Sawyer
|c Mark Twain
|f retold by Nick Bullard
|f illustrated by Paul Fisher Johnson
|
| 260 |
|
|
|a Oxford
|b Oxford University Press
|c 2003
|
| 300 |
|
|
|a 56 p.
|b ill.
|c 20 cm
|
| 490 |
0 |
|
|a Oxford bookworms
|
| 650 |
0 |
0 |
|a Adventure and adventurers
|x Fiction
|
| 700 |
1 |
|
|a Bullard, Nick
|
| 700 |
1 |
|
|a Johnson, Paul Fisher
|
| 999 |
|
|
|a B000017797
|b IJED
|d BOOKS
|e Fiksyen (F)
|f 4 DIV
|j AVAILABLE
|q GOOD CONDITION
|